000 00887nam a22002177a 4500
999 _c62642
_d62642
003 Ge_BSU
005 20241225165701.0
008 241225s2006 ge ||||| |||| 00| 0 geo d
020 _a9994036866
041 _ageo
080 _a616.89(075.8) ნ-24
100 _aნანეიშვილი, გიორგი
_916081
245 _aფსიქიატრიის მოკლე კურსი :
_bსახელმძღვ. ექიმებისა და სტუდ. /
_cგიორგი ნანეიშვილი; [რედ.: რ. შაქარაშვილი].
250 _aმე-3 გამოც.
264 _aთბ.,
_c2006.
300 _a149გვ. ;
_b20სმ.
504 _a ბიბლიოგრ.: გვ. 148-149.
653 _aფსიქიატრია
653 _aმედიცინა
942 _2udc
_cᲬᲘᲒᲜᲘ